| 000 | 00417nam a2200133Ia 4500 | ||
|---|---|---|---|
| 005 | 20210429153916.0 | ||
| 008 | 210429s9999 xx 000 0 und d | ||
| 082 | _aMTL-MS KH/MI | ||
| 100 |
_aJibran Khaliq _954748 |
||
| 245 | _aSynthesis and Characterization of Carbon Nanotubes (CNTs) by Catalytic Chemical Vapor Deposition (CVD) Technique | ||
| 260 |
_aISLAMABAD _bSCME _c2009 |
||
| 300 | _a45P | ||
| 942 |
_2ddc _cREF |
||
| 999 |
_c561133 _d561133 |
||